[Event "DVM U14w 2018"]
[Site "Neumünster GER"]
[Date "2018.12.27"]
[Round "2"]
[White "Eisele, Lea Carolin"]
[Black "Nanthivarman, Merymuthu"]
[Result "0-1"]
[Termination "normal"]
[Board "5.4"]
[WhiteElo "930"]
[BlackElo "1202"]
[WhiteTeam "SF Sasbach"]
[BlackTeam "OSG Baden-Baden"]
[PlyCount "74"]
[WhiteFideId "16255780"]
[BlackFideId "16255755"]
[EventCountry "GER"]
[EventRounds "7"]
[EventType "team-swiss"]
[EventDate "2018.12.26"]

1. e4 c5 2. Nf3 Nc6 3. d4 cxd4 4. Nxd4 g6 5. Nc3 Nf6 6. Be3 Bg7 7. Qd2 Ng4 8.
Nf3 Nxe3 9. Qxe3 O-O 10. Bc4 Nd4 11. Qd3 Nc6 12. O-O-O d6 13. g4 Ne5 14. Qe2 b6
15. h4 Nxc4 16. Qxc4 Be6 17. Qa4 Rc8 18. Rd3 a5 19. h5 Rc4 20. Qb5 Rc5 21. Qa4
Rc4 22. Qb5 Rc5 23. Qa4 b5 24. Nxb5 Bd7 25. Qb3 a4 26. Qxa4 Bxb5 27. Qb3 Bc4
28. Qa3 Rb5 29. Re3 Bxb2+ 30. Qxb2 Rxb2 31. Kxb2 Qb6+ 32. Kc3 Qxe3+ 33. Kxc4
Qxf3 34. Rg1 Qxe4+ 35. Kc3 Rc8+ 36. Kd2 Rxc2+ 37. Kd1 Qe2# 0-1

[Event "DVM U14w 2018"]
[Site "Neumünster GER"]
[Date "2018.12.27"]
[Round "2"]
[White "Gehrke, Gina Celina"]
[Black "Bardorz, Jana"]
[Result "0-1"]
[Termination "normal"]
[Board "6.1"]
[WhiteElo "1366"]
[BlackElo "1722"]
[WhiteTeam "SC Weisse Dame"]
[BlackTeam "Karlsruher SF"]
[PlyCount "90"]
[WhiteFideId "16205979"]
[BlackFideId "16208897"]
[EventCountry "GER"]
[EventRounds "7"]
[EventType "team-swiss"]
[EventDate "2018.12.26"]

1. d4 Nf6 2. e3 g6 3. Bd3 Bg7 4. Nd2 O-O 5. f4 d6 6. Ngf3 c5 7. c3 Nbd7 8. O-O
b6 9. Be4 Nxe4 10. Nxe4 Bb7 11. Qc2 Rc8 12. Qd3 Qc7 13. Ng3 e5 14. fxe5 dxe5
15. dxe5 Nxe5 16. Nxe5 Qxe5 17. e4 Rcd8 18. Qe2 Rfe8 19. Bf4 Qe6 20. Rfe1 Rd7
21. Qc2 Qg4 22. Qc1 Rde7 23. h3 Qe6 24. Qc2 Be5 25. Qf2 Qc4 26. Qe3 Bxf4 27.
Qxf4 Bxe4 28. Nxe4 Rxe4 29. Rxe4 Qxe4 30. Qxe4 Rxe4 31. Kf2 Kf8 32. Rd1 Ke7 33.
Kf3 f5 34. b3 Re6 35. a3 Rd6 36. Re1+ Kf6 37. h4 Rd3+ 38. Re3 Rxe3+ 39. Kxe3
Ke5 40. g3 b5 41. a4 a6 42. axb5 axb5 43. c4 b4 44. Kd3 h6 45. Ke3 g5 0-1

[Event "DVM U14w 2018"]
[Site "Neumünster GER"]
[Date "2018.12.27"]
[Round "2"]
[White "Schulz, Hannah"]
[Black "Gutmann, Anna"]
[Result "0-1"]
[Termination "normal"]
[Board "6.2"]
[WhiteElo "1518"]
[BlackElo "1499"]
[WhiteTeam "Karlsruher SF"]
[BlackTeam "SC Weisse Dame"]
[PlyCount "46"]
[WhiteFideId "16244745"]
[BlackFideId "16208889"]
[EventCountry "GER"]
[EventRounds "7"]
[EventType "team-swiss"]
[EventDate "2018.12.26"]

1. e4 c6 2. d4 d5 3. e5 Bf5 4. Nf3 e6 5. Be2 Nd7 6. c3 c5 7. Be3 c4 8. Nbd2 Ne7
9. O-O Nc6 10. Ne1 b5 11. Nc2 b4 12. g4 Bd3 13. Nb1 Bxc2 14. Qxc2 b3 15. Qc1
bxa2 16. Na3 Rb8 17. Rxa2 Rb3 18. Bd2 f6 19. Bd1 Rb8 20. h3 Qb6 21. Be2 fxe5
22. dxe5 Ndxe5 23. Bf4 g5 0-1

[Event "DVM U14w 2018"]
[Site "Neumünster GER"]
[Date "2018.12.27"]
[Round "2"]
[White "Fayngold, Sophie Olivia"]
[Black "Chung, Dana"]
[Result "1-0"]
[Termination "normal"]
[Board "6.3"]
[WhiteElo "1378"]
[BlackElo "1315"]
[WhiteTeam "SC Weisse Dame"]
[BlackTeam "Karlsruher SF"]
[PlyCount "61"]
[WhiteFideId "16244761"]
[BlackFideId "16235290"]
[EventCountry "GER"]
[EventRounds "7"]
[EventType "team-swiss"]
[EventDate "2018.12.26"]

1. e4 c6 2. d4 d5 3. Nc3 dxe4 4. Nxe4 Nf6 5. Ng3 Nbd7 6. Nf3 e6 7. Bf4 Be7 8.
Bd3 O-O 9. Ne5 Nd5 10. Bd2 Bd6 11. Qe2 c5 12. c4 Bxe5 13. dxe5 Nb4 14. Bxb4
cxb4 15. Ne4 Nxe5 16. O-O-O Nxd3+ 17. Rxd3 Qe7 18. Qh5 h6 19. Rg3 e5 20. Qxh6
f5 21. Nd2 f4 22. Rg5 Rf6 23. Qh5 Re6 24. Nf3 e4 25. Ne5 b6 26. Ng6 Qd6 27.
Qh8+ Kf7 28. Ne5+ Ke7 29. Rxg7+ Kf6 30. Rf7+ Kg5 31. h4# 1-0

[Event "DVM U14w 2018"]
[Site "Neumünster GER"]
[Date "2018.12.27"]
[Round "2"]
[White "Shevchenko, Alyona"]
[Black "Liu, Shandy"]
[Result "1-0"]
[Termination "normal"]
[Board "6.4"]
[WhiteElo "1300"]
[BlackElo "790"]
[WhiteTeam "Karlsruher SF"]
[BlackTeam "SC Weisse Dame"]
[PlyCount "46"]
[WhiteFideId "12983420"]
[BlackFideId "16275357"]
[EventCountry "GER"]
[EventRounds "7"]
[EventType "team-swiss"]
[EventDate "2018.12.26"]

1. e4 e5 2. Nf3 Nc6 3. Nc3 Bc5 4. Bb5 a6 5. Bxc6 bxc6 6. d3 d5 7. Nxe5 Qf6 8.
Nf3 Bg4 9. h3 Bh5 10. Qe2 d4 11. Na4 Bd6 12. e5 Bxe5 13. Qxe5+ Qxe5+ 14. Nxe5
Ne7 15. Nf3 Rb8 16. Nc5 Rd8 17. Nxa6 O-O 18. Nxc7 Nd5 19. Nxd5 Rxd5 20. Bd2
Re8+ 21. Kd1 f5 22. Re1 (22. g4 Kh8 23. Re1 fxg4 24. Rxe8+ Bxe8 25. hxg4) 22...
h6 23. Rxe8+ Bxe8 1-0

[Event "DVM U14w 2018"]
[Site "Neumünster GER"]
[Date "2018.12.27"]
[Round "2"]
[White "Orlova, Alicia"]
[Black "Schmidt, Pauline"]
[Result "1/2-1/2"]
[Termination "normal"]
[Board "7.1"]
[WhiteElo "1616"]
[BlackElo "1504"]
[WhiteTeam "SF Gerresheim"]
[BlackTeam "SG Blau-Weiß Stadtilm"]
[PlyCount "136"]
[WhiteFideId "34154563"]
[BlackFideId "16209850"]
[EventCountry "GER"]
[EventRounds "7"]
[EventType "team-swiss"]
[EventDate "2018.12.26"]

1. e4 c5 2. Nc3 Nc6 3. g3 g6 4. Bg2 Bg7 5. d3 e5 6. Be3 d6 7. h3 Nge7 8. Nge2
Be6 9. O-O Qd7 10. Kh2 O-O-O 11. Qd2 Nd4 12. f4 f5 13. Nd1 Nxe2 14. Qxe2 h5 15.
h4 fxe4 16. dxe4 Bg4 17. Qd3 exf4 18. Bxf4 Rhf8 19. c3 Be5 20. Ne3 Bxf4 21.
gxf4 Be6 22. c4 Qc7 23. Nd5 Nxd5 24. cxd5 Bg4 25. Bh3 Qd7 26. Qg3 Bxh3 27. Qxh3
Qxh3+ 28. Kxh3 Rde8 29. Rae1 Rf7 30. Kg3 Kc7 31. Rf3 Ref8 32. Ree3 Rd7 33. Rd3
Re7 34. e5 c4 35. Rd1 Rf5 36. Rc3 b5 37. b3 Rd7 38. e6 Re7 39. bxc4 b4 40. Rb3
a5 41. a3 bxa3 42. Rxa3 Kb6 43. Ra4 Kc5 44. Rda1 Re8 45. Rb1 Re7 46. Rb5+ Kd4
47. c5+ Kxd5 48. Raxa5 dxc5 49. Rxc5+ Kxe6 50. Ra6+ Kf7 51. Rxf5+ gxf5 52. Rh6
Re3+ 53. Kf2 Ra3 54. Rxh5 Kg6 55. Rg5+ Kf6 56. h5 Rh3 57. Ke2 Rh2+ 58. Kd3 Rh3+
59. Kd4 Rh4 60. Rg6+ Kf7 61. Ke5 Rxh5 62. Rg5 Rxg5 63. fxg5 f4 64. Kxf4 Kg6 65.
Kg4 Kg7 66. Kf5 Kf7 67. g6+ Kg7 68. Kg5 Kg8 1/2-1/2

[Event "DVM U14w 2018"]
[Site "Neumünster GER"]
[Date "2018.12.27"]
[Round "2"]
[White "Orlova, Anna-Daria"]
[Black "Wilhelm, Anna-Lena"]
[Result "0-1"]
[Termination "normal"]
[Board "7.3"]
[WhiteElo "859"]
[BlackElo "1131"]
[WhiteTeam "SF Gerresheim"]
[BlackTeam "SG Blau-Weiß Stadtilm"]
[PlyCount "68"]
[WhiteFideId "16275381"]
[BlackFideId "16230094"]
[EventCountry "GER"]
[EventRounds "7"]
[EventType "team-swiss"]
[EventDate "2018.12.26"]

1. e4 c5 2. Nf3 Nc6 3. Nc3 g6 4. g3 Bg7 5. Bg2 e5 6. d3 h6 7. Be3 d6 8. O-O
Nge7 9. Qe2 Bg4 10. h3 Nd4 11. hxg4 Nxe2+ 12. Nxe2 Qd7 13. Nh2 h5 14. f3 f5 15.
gxf5 gxf5 16. Bh3 O-O-O 17. exf5 Nxf5 18. c3 Qf7 19. Bf2 Kb8 20. Rae1 Bh6 21.
Kh1 Be3 22. Bxe3 Nxe3 23. Rf2 Ng4 24. Rg2 Nxh2 25. Rxh2 Qxf3+ 26. Kg1 Rdf8 27.
Rf1 Qe3+ 28. Kh1 Rxf1+ 29. Bxf1 Qf3+ 30. Kg1 Rf8 31. Bh3 Qe3+ 32. Kh1 Qxd3 33.
Kg1 Qd1+ 34. Kg2 Qf1# 0-1

[Event "DVM U14w 2018"]
[Site "Neumünster GER"]
[Date "2018.12.27"]
[Round "2"]
[White "Niesch, Sarah"]
[Black "Schwegler, Jelena"]
[Result "0-1"]
[Termination "normal"]
[Board "8.1"]
[WhiteElo "1084"]
[BlackElo "1473"]
[WhiteTeam "SC Leipzig Lindenau"]
[BlackTeam "SK Bad Homburg"]
[PlyCount "72"]
[WhiteFideId "16211294"]
[BlackFideId "16225481"]
[EventCountry "GER"]
[EventRounds "7"]
[EventType "team-swiss"]
[EventDate "2018.12.26"]

1. d4 Nf6 2. Nf3 g6 3. Nc3 Bg7 4. Bf4 O-O 5. e3 d5 6. Bd3 b6 7. O-O Bb7 8. h3
c5 9. Nb5 Nc6 10. b3 a6 11. Nc3 cxd4 12. exd4 Nh5 13. Qd2 Nxd4 14. Nxd4 Bxd4
15. Rac1 Nxf4 16. Qxf4 Bxc3 17. Rfd1 e5 18. Qg4 f5 19. Qg3 Qd7 20. Be2 Rac8 21.
Rd3 f4 22. Qg5 e4 23. Rdd1 f3 24. gxf3 exf3 25. Bxf3 Rxf3 26. Rd3 Qxh3 27. Rxf3
Qxf3 28. Kh2 d4 29. Rg1 Qxf2+ 30. Kh3 Qe3+ 31. Qxe3 dxe3 32. a3 e2 33. a4 Rf8
34. Rg3 e1=Q 35. Kh2 Be5 36. c3 Qxg3# 0-1

[Event "DVM U14w 2018"]
[Site "Neumünster GER"]
[Date "2018.12.27"]
[Round "2"]
[White "Goetz, Fenja"]
[Black "Heintz, Lilly"]
[Result "1/2-1/2"]
[Termination "normal"]
[Board "8.2"]
[WhiteElo "1465"]
[BlackElo "1057"]
[WhiteTeam "SK Bad Homburg"]
[BlackTeam "SC Leipzig Lindenau"]
[PlyCount "72"]
[WhiteFideId "16250516"]
[BlackFideId "16229550"]
[EventCountry "GER"]
[EventRounds "7"]
[EventType "team-swiss"]
[EventDate "2018.12.26"]

1. e4 e5 2. Nf3 Nc6 3. d4 exd4 4. Bc4 h6 5. Nxd4 Bc5 6. Be3 Bb6 7. O-O Nf6 8.
Nc3 O-O 9. a3 d6 10. Re1 Re8 11. Qd3 Be6 12. Bb5 Bd7 13. Rad1 a6 14. Ba4 Ba5
15. b4 Bb6 16. Bb3 Re7 17. Nf3 Bxe3 18. Rxe3 Bg4 19. Nd5 Re8 20. Rde1 Bxf3 21.
Rxf3 Ne5 22. Nxf6+ gxf6 23. Rg3+ Kh7 24. Qd1 Rg8 25. Ree3 Rxg3 26. Rxg3 Qe7 27.
f4 Ng6 28. f5 Ne5 29. Qh5 Rg8 30. Rxg8 Kxg8 31. Qxh6 c6 32. Qe3 Ng4 33. Qf4 Ne5
34. h4 Nd7 35. h5 Nf8 36. c3 b5 1/2-1/2

[Event "DVM U14w 2018"]
[Site "Neumünster GER"]
[Date "2018.12.27"]
[Round "2"]
[White "Ezold, Johanna Sophie"]
[Black "Tychyna, Margarita"]
[Result "0-1"]
[Termination "normal"]
[Board "8.3"]
[WhiteElo "994"]
[BlackElo "804"]
[WhiteTeam "SC Leipzig Lindenau"]
[BlackTeam "SK Bad Homburg"]
[PlyCount "51"]
[WhiteFideId "16275411"]
[BlackFideId "16275349"]
[EventCountry "GER"]
[EventRounds "7"]
[EventType "team-swiss"]
[EventDate "2018.12.26"]

1. e4 e5 2. Nf3 Nc6 3. Bc4 Bc5 4. O-O d6 5. Nc3 Bg4 6. Be2 Nf6 7. Ng5 Qd7 8.
Nf3 Nd4 9. Nxd4 Bxd4 10. Qe1 Nh5 11. h3 Ng3 12. Bxg4 Qe7 13. Nb5 Nxf1 14. Qxf1
O-O 15. d3 a6 16. Nxd4 exd4 17. Qe2 Qf6 18. Bf5 d5 19. e5 Qxf5 20. Bd2 Rae8 21.
Bb4 Rxe5 22. Qd2 Rfe8 23. c4 Re2 24. Qc1 c5 25. Ba5 b6 26. Bxb6 0-1

[Event "DVM U14w 2018"]
[Site "Neumünster GER"]
[Date "2018.12.27"]
[Round "2"]
[White "Kopylov, Diana"]
[Black "Neumann, Konstantina"]
[Result "0-1"]
[Termination "normal"]
[Board "9.1"]
[WhiteElo "765"]
[BlackElo "1498"]
[WhiteTeam "TuRa Harksheide Norderstedt 2"]
[BlackTeam "Gütersloher SV"]
[PlyCount "60"]
[WhiteFideId "16268865"]
[BlackFideId "16200543"]
[EventCountry "GER"]
[EventRounds "7"]
[EventType "team-swiss"]
[EventDate "2018.12.26"]

1. e4 e5 2. Nf3 Nc6 3. Bc4 Bc5 4. O-O h6 5. Nc3 d6 6. Nd5 Bg4 7. h3 Bh5 8. d3
Nf6 9. Nc3 Qc8 10. Bb5 O-O 11. Qe2 Nd4 12. Be3 Nxe2+ 13. Nxe2 Bxf3 14. gxf3
Bxe3 15. fxe3 Qxh3 16. Rf2 c6 17. Rh2 Qxf3 18. Bc4 Qxe3+ 19. Kh1 Ng4 20. Rg2
Nf2+ 21. Kh2 Qxe2 22. Rag1 Qh5+ 23. Kg3 Nh1+ 24. Rxh1 Qxh1 25. Rh2 Qg1+ 26. Rg2
Qe3+ 27. Kh4 Qf3 28. Rg3 Qf6+ 29. Kh5 g6+ 30. Kxh6 Qh4# 0-1